000 00646nam a2200205Ia 4500
005 20241216011305.0
008 190429s9999||||xx |||||||||||||| ||und||
082 _a553.24
_bS21
100 _aSANTIVAÑEZ FIERRO NILDA LOURDES
245 0 _aESTUDIO TECNICO DEL CARBON MINERAL PARA LA PRODUCCION DE ENERGIA INDUSTRIAL
250 _a0
260 _aCERRO DE PASCO-PERU
_bUNDAC
_c1992
300 _a148 pag.
_c30 cm.
341 _h0
490 _v0
_a0
505 _aCARBON/COMPOSICION QUIMICA/USOS/YACIMIENTOS/CONVERSION/COMBU
541 _aD
_bSANTIVAÑEZ FIERRO, NILDA
_d18-Mar-03
_oSoles
650 _aIngenieria Metalurgica
942 _cTESIS
999 _c37822
_d37822